000
00275nam a22001097a 4500
008
140417t xxu||||| |||| 00| 0 eng d
020
_a
0-8121-0977-5
100
_a
Leon Lachman
_9
827
245
_a
The Theory and practice of Industrial Pharmacy
300
_a
902
942
_2
ddc
_c
BK
999
_c
17074
_d
17074